Stabilita odkaliska energetickej výrobne

Saved in:
Bibliographic Details
Main Author: Kováč, Martin (Author)
Other Authors: Masarovičová, Mária (Thesis advisor)
Format: Manuscript Book
Language:Slovak
Published: 2016
Subjects:
Online Access:http://is.stuba.sk/zp/portal_zp.pl?podrobnosti=124254
https://opac.crzp.sk/?fn=detailBiblioForm&sid=CAF43C23BCEFEBA4BBCA1EBCB6F5
Tags: Add Tag
No Tags, Be the first to tag this record!

MARC

LEADER 00000ntm a22000003a 4500
001 stuzp59431
003 SK-STU
005 20230927085644.4
007 ta
008 150427s2015----xo-----f-mn---000-0-slo-d
040 |a STU  |b slo 
041 0 |a slo 
100 1 |a Kováč, Martin  |u 010150  |4 aut  |U SvF Stavebná fakulta  |T SvF Katedra geotechniky  |X 68494  |U V150  |Y 15  |7 68494 
242 0 1 |a The stability of desludging site of power plant  |y eng 
245 1 0 |a Stabilita odkaliska energetickej výrobne 
260 |c 2016 
650 4 |a stabilita svahov  |2 slo 
650 4 |a geotechnický model  |2 slo 
650 4 |a vlastnosti geomateriálov  |2 slo 
650 4 |a odkalisko  |2 slo 
650 4 |a stupeň stability  |2 slo 
650 4 |a properties of geomaterials  |2 eng 
650 4 |a slope stability  |2 eng 
650 4 |a desludging site  |2 eng 
650 4 |a factor of stability  |2 eng 
650 4 |a geotechnical model  |2 eng 
700 1 |a Masarovičová, Mária  |4 ths  |X 830  |7 A000000830 
856 4 |u http://is.stuba.sk/zp/portal_zp.pl?podrobnosti=124254 
856 4 |u https://opac.crzp.sk/?fn=detailBiblioForm&sid=CAF43C23BCEFEBA4BBCA1EBCB6F5 
SQL |a stuzp59431  |b DBP  |c SLO  |d Stabilita odkaliska energetickej výrobne  |e 68494  |f Kováč, Martin  |g 010150  |h 830  |i Masarovičová, Mária  |j 20160620  |k 1  |l 01  |m http://is.stuba.sk/zp/portal_zp.pl?podrobnosti=124254  |n B-IKD  |o 5.1.5. inžinierske konštrukcie a dopravné stavby